[Event "N4 Lardenne-Loures Barousse"]
[Site "Loures Barousse"]
[Date "2005.11.20"]
[Round "2"]
[White "Ponsolle, René"]
[Black "Strub, Bruno"]
[Result "1-0"]
[WhiteElo "1540"]
[BlackElo "1499"]
[EventDate "2005.??.??"]
[PlyCount "148"]

1.e4 c5 2.Nf3 d6 3.d4 cxd4 4.Nxd4 Nf6 5.Nc3 g6 6.Be2 Bg7 7.O-O O-O 8.Be3 
Nc6 9.Rb1 e6 10.Ndb5 d5 11.exd5 exd5 12.Bf4 a6 13.Nc7 Ra7 14.N7xd5 Nxd5 
15.Nxd5 Be5 16.Bxe5 Nxe5 17.Ne3 Be6 18.Qxd8 Rxd8 19.Rfd1 Rd7 20.Rxd7 Nxd7 
21.b3 Nc5 22.Bc4 b5 23.Bxe6 fxe6 24.f3 h5 25.Rd1 Kf7 26.h4 Ke7 27.Kf2 a5 
28.Nf1 a4 29.b4 Nd7 30.a3 Ne5 31.Ne3 Rc7 32.Re1 Kf7 33.c4 Nd3+ 34.Ke2 Nxe1
35.Kxe1 bxc4 36.Kd2 Rd7+ 37.Ke2 c3 38.Nc4 Rc7 39.Ne5+ Kf6 40.Nd3 c2 41.Kd2
c1=Q+ 42.Nxc1 Rd7+ 43.Nd3 Kf5 44.Ke3 Re7 45.Nc5 Ra7 46.Kd4 e5+ 47.Kd5 Kf4 
48.b5 Ra8 49.Nd7 Rd8 50.Kc6 e4 51.fxe4 Kxe4 52.b6 Rc8+ 53.Kb7 Rd8 54.Kc7 
Ra8 55.b7 Ra7 56.Kb6 Rxb7+ 57.Kxb7 Kd4 58.Kb6 Kc4 59.Ka5 Kb3 60.Nc5+ Kxa3 
61.Nxa4 Kb3 62.Kb5 Kc2 63.Kc4 Kd2 64.Kd4 Ke2 65.Ke4 Kf2 66.Kf4 Kxg2 67.Nc5
Kh3 68.Kg5 Kg3 69.Nd7 Kh3 70.Ne5 Kg3 71.Nxg6 Kh3 72.Nf4+ Kg3 73.Nxh5+ Kh3 
74.Ng3 Kxg3 1-0

[Event "N4 Lardenne-Loures Barousse"]
[Site "Loures Barousse"]
[Date "2005.11.20"]
[Round "2"]
[White "Foing, Marc"]
[Black "David, Philippe"]
[Result "1-0"]
[WhiteElo "1440"]
[BlackElo "1490"]
[EventDate "2005.??.??"]
[PlyCount "70"]

1.e4 d5 2.exd5 Nf6 3.Nf3 Nxd5 4.d4 Bg4 5.Be2 e6 6.O-O Nd7 7.Nc3 Nxc3 8.
bxc3 Bd6 9.Bg5 Be7 10.Bxe7 Qxe7 11.h3 Bxf3 12.Bxf3 O-O-O 13.Rb1 Nb6 14.Qc1
c6 15.Re1 h6 16.Re5 Rd5 17.Bxd5 cxd5 18.Rb4 f6 19.Re2 Nc4 20.f4 f5 21.Qe1 
Re8 22.Qb1 b6 23.Qb3 Qc7 24.Qa4 Kd8 25.Rb5 Ke7 26.Rxd5 Kf8 27.Rxf5+ Ke7 
28.Qb4+ Kd8 29.Rf8 Qd6 30.Rxe8+ Kxe8 31.Qxc4 Kd7 32.Re5 g6 33.d5 Qc5+ 34.
Qxc5 bxc5 35.dxe6+ Ke7 1-0

[Event "N4 Castel/Moissac-Tournefeuille 3"]
[Site "Tournefeuille"]
[Date "2005.11.20"]
[Round "2"]
[White "Cebollero, Daniel"]
[Black "Varet, Charles"]
[Result "1-0"]
[WhiteElo "1680"]
[BlackElo "1199"]
[EventDate "2005.??.??"]
[PlyCount "73"]

1.d4 e6 2.e4 Nf6 3.e5 Nd5 4.c4 Nb6 5.a3 d6 6.Nf3 Be7 7.Bd3 O-O 8.Bf4 Bd7 
9.Qd2 Bc6 10.Qe3 N8d7 11.O-O Bxf3 12.Qxf3 Bg5 13.Qe4 g6 14.Bxg5 Qxg5 15.f4
Qe7 16.Nd2 Rab8 17.Nf3 d5 18.cxd5 Nxd5 19.Bc4 N7b6 20.Rac1 Nxc4 21.Rxc4 b6
22.g4 f5 23.exf6 Rxf6 24.Ne5 Rbf8 25.Nd3 Qd6 26.f5 gxf5 27.gxf5 Rxf5 28.
Rxf5 Rxf5 29.Rc2 Kf7 30.Ne5+ Kf6 31.Qh4+ Kg7 32.Rg2+ Kh8 33.Ng6+ Kg7 34.
Ne7+ Kf7 35.Qxh7+ Ke8 36.Nxf5 Nf6 37.Qg6+ 1-0

[Event "N4 Castel/Moissac-Tournefeuille 3"]
[Site "Tournefeuille"]
[Date "2005.11.20"]
[Round "2"]
[White "Catala, Laurent"]
[Black "Taravaud, Evelyne"]
[Result "1/2-1/2"]
[WhiteElo "1810"]
[BlackElo "1640"]
[EventDate "2005.??.??"]
[PlyCount "102"]

1.e4 c5 2.Nf3 d6 3.d4 cxd4 4.Nxd4 Nf6 5.Nc3 a6 6.Be3 e6 7.Be2 Be7 8.O-O 
O-O 9.f4 b5 10.a3 Qc7 11.Bd3 Nbd7 12.g4 Nc5 13.g5 Ne8 14.f5 Bb7 15.Qg4 
Nxd3 16.cxd3 e5 17.Nb3 Bd8 18.Rac1 Qd7 19.Rf3 Rc8 20.Rh3 g6 $4 21.Rh6 
    ( 21.Rxh7 $1 Kxh7 22.fxg6+ $18 )
21...Ng7 $4 22.Rf1 
    ( 22.Rxh7 Kxh7 23.fxg6+ $18 )
22...a5 23.Rf3 a4 24.Nc1 
    ( 24.Rxh7 {encore ...} )
24...d5 25.Rfh3 Nh5 26.R6xh5 gxh5 27.Qxh5 f6 28.gxf6 Bxf6 29.Nxb5 Rf7 30.
Rg3+ Rg7 31.Rxg7+ Bxg7 32.Na7 Ra8 33.exd5 Qxd5 34.Qg4 Kh8 35.Kf2 Rg8 36.
Bg5 Qc5+ 37.Be3 Qe7 
    ( 37...Qxe3+ 38.Kxe3 Bh6+ $19 )
38.Qxa4 Bf6 39.Nb5 Qg7 40.Ne2 Qg2+ 41.Ke1 Qxh2 42.Nbc3 Bf3 43.Kd2 Qh5 44.
b4 Qxf5 45.b5 h5 46.Ne4 Be7 47.b6 Rd8 48.Nf2 Ra8 49.Qb5 Rxa3 50.Nd4 Ra2+ 
51.Ke1 Ra1+ 1/2-1/2

[Event "N4 Castel/Moissac-Tournefeuille 3"]
[Site "Tournefeuille"]
[Date "2005.11.20"]
[Round "2"]
[White "Cabrit, Thibaut"]
[Black "Carteron, Olivier"]
[Result "0-1"]
[WhiteElo "1290"]
[BlackElo "1430"]
[EventDate "2005.??.??"]
[PlyCount "52"]

1.e4 e5 2.Nf3 Nc6 3.d4 Bd6 4.Bc4 f6 5.Bxg8 Rxg8 6.Nc3 Ne7 7.O-O c6 8.dxe5 
Bxe5 9.Nxe5 fxe5 10.Qh5+ Kf8 11.Be3 d6 12.Ne2 Ng6 13.Qxh7 Qf6 14.g3 $4 Rh8
15.Qxh8+ Nxh8 16.f4 Kg8 17.fxe5 Qxe5 18.Nc3 Bh3 19.Rf2 Rf8 20.Bf4 Qe6 21.
Re1 Ng6 22.Re3 Qg4 23.Bxd6 Rxf2 24.Kxf2 Qe6 25.Bf4 Ne5 26.Ne2 Ng4+ 0-1

[Event "N4 Blaye-Ste Foy"]
[Site "Ste Foy"]
[Date "2005.11.20"]
[Round "2.7"]
[White "Gayraud, Christian"]
[Black "Misiaszek, Stephan"]
[Result "0-1"]
[WhiteElo "1510"]
[BlackElo "1600"]
[EventDate "2005.??.??"]
[PlyCount "106"]

1.e4 d6 2.d4 Nf6 3.Nc3 g6 4.f4 Bg7 5.Nf3 c6 6.e5 Nfd7 7.exd6 exd6 8.Qe2+ 
Qe7 9.Qxe7+ Kxe7 10.Bd2 Nf6 11.O-O-O Re8 12.h3 Be6 13.Ng5 Nbd7 14.Re1 Kd8 
15.g4 Kc7 16.Bg2 h6 17.Nxe6+ fxe6 18.Re2 Re7 19.Rhe1 Rae8 20.d5 e5 21.dxc6
bxc6 22.Be3 a6 23.a3 e4 24.Rd1 d5 25.Red2 Rb8 26.Bf1 a5 27.Na4 Ne8 28.c3 
Nd6 29.Nc5 Nxc5 30.Bxc5 Re6 31.Be3 a4 32.Rc2 Rb3 33.Bd4 Bxd4 34.Rxd4 Rf6 
35.Rf2 Re6 36.Rxa4 c5 37.Rd2 e3 38.Re2 c4 39.Bg2 Kc6 40.Ra5 Rb5 41.Ra6+ 
Kb7 42.Ra4 Re8 43.Rb4 Rxb4 44.axb4 Kc6 45.Kc2 Nb5 46.Bf3 Kd6 47.Re1 d4 48.
cxd4 Nxd4+ 49.Kc3 Nxf3 50.Rd1+ Kc7 51.Kxc4 e2 52.Rd3 e1=Q 53.Rxf3 Qe4+ 0-1

[Event "N4 Albi-Colomiers"]
[Site "Albi"]
[Date "2005.11.20"]
[Round "2"]
[White "Paradis, François"]
[Black "Lopez, Jacky"]
[Result "1-0"]
[WhiteElo "1610"]
[BlackElo "1470"]
[EventDate "2005.??.??"]
[PlyCount "131"]

1.e4 e5 2.Nf3 Nc6 3.Bb5 a6 4.Ba4 d6 5.Bxc6+ bxc6 6.d4 Bg4 7.dxe5 Bxf3 8.
Qxf3 dxe5 9.O-O Nf6 10.Rd1 Bd6 11.Bg5 O-O 12.Bxf6 Qxf6 13.Qxf6 gxf6 14.c3 
Kh8 15.Nd2 Rad8 16.Nc4 Rd7 17.Na5 c5 18.Nc4 Rb8 19.b3 Rbd8 20.Rd2 Bf8 21.
Rad1 Rxd2 22.Rxd2 Bd6 23.Kf1 Kg7 24.Ke2 Kf8 25.Rd3 Ke7 26.Rg3 Rh8 27.Ne3 
Ke6 28.f3 h6 29.Nf5 Bf8 30.Kd3 Kd7 31.Kc4 c6 32.a3 a5 33.Rg4 Ke6 34.Ng3 h5
35.Rh4 Be7 36.Rxh5 Rd8 37.Nf1 Rd1 38.Ne3 Re1 39.Kd3 Rb1 40.Kc2 Re1 41.Nc4 
Re2+ 42.Kd3 Rxg2 43.Nxa5 Kd7 44.a4 Rf2 45.Rh3 Rb2 46.Rh8 Rf2 47.Ke3 Rc2 
48.Kd3 Rf2 49.Rh3 Rb2 50.Kc4 Rd2 51.Nb7 Rc2 52.Nxc5+ Bxc5 53.Kxc5 Rxc3+ 
54.Kb4 Rd3 55.Rg3 Rd4+ 56.Kc3 Kc7 57.Rg1 Kb6 58.h4 Rd8 59.h5 Rh8 60.Rh1 c5
61.Kc4 Rh6 62.Kd5 Rh7 63.h6 Rh8 64.h7 Rd8+ 65.Kc4 Rh8 66.Rh6 1-0

[Event "N4 Tournefeuille 3-Lardenne"]
[Site "Lardenne"]
[Date "2005.12.04"]
[Round "3"]
[White "Moisselin, Jean-Marc"]
[Black "Strub, Bruno"]
[Result "1-0"]
[WhiteElo "1499"]
[BlackElo "1499"]
[EventDate "2005.??.??"]
[PlyCount "83"]

1.d4 Nf6 2.Bg5 d5 3.c4 c6 4.Nc3 Nbd7 5.Nf3 h6 6.Bh4 e6 7.c5 Be7 8.e3 O-O 
9.Bd3 b6 10.b4 Bb7 11.O-O b5 12.e4 dxe4 13.Bxe4 Nxe4 14.Bxe7 Qxe7 15.Nxe4 
Rfd8 16.Nd6 Nf6 17.Ne5 Rf8 18.Qf3 a5 19.a3 axb4 20.axb4 Nd5 21.Ra5 Nxb4 
22.Rxa8 Bxa8 23.Qe4 Qf6 24.Nd7 Qg6 25.Qxg6 fxg6 26.Nxf8 Kxf8 27.Ra1 Ke7 
28.Rxa8 Nc2 29.Ra7+ Kf6 30.Ne8+ Kg5 31.Nxg7 Nxd4 32.Kf1 b4 33.Ra4 Nc2 34.
Nxe6+ Kf6 35.Nf4 b3 36.Nd3 g5 37.Ke2 Ke6 38.Kd2 Kd5 39.Nb4+ Kxc5 40.Nxc2 
b2 41.Na3 h5 42.Kc2 1-0

[Event "N4 Tournefeuille 3-Lardenne"]
[Site "Lardenne"]
[Date "2005.12.04"]
[Round "3"]
[White "Druet, Alain"]
[Black "Pinault, Mailys"]
[Result "0-1"]
[WhiteElo "1499"]
[BlackElo "1440"]
[EventDate "2005.??.??"]
[PlyCount "108"]

1.e4 e6 2.Nc3 d5 3.e5 c5 4.d4 Nc6 5.Nf3 cxd4 6.Ne2 Bb4+ 7.c3 dxc3 8.bxc3 
Bc5 9.Bd2 Nge7 10.Ned4 Ng6 11.Nxc6 bxc6 12.g3 O-O 13.Bd3 Qb6 14.O-O Qc7 
15.Re1 Rb8 16.Rb1 Rxb1 17.Qxb1 Qb6 18.Qxb6 Bxb6 19.Be3 Ba5 20.Rc1 a6 21.
Bc5 Rd8 22.Bd6 Bb6 23.Rb1 Ba7 24.Nd4 Bxd4 25.cxd4 Nf8 26.h4 Nd7 27.f4 f6 
28.Be7 Re8 29.exf6 gxf6 30.Bd6 Kf7 31.h5 h6 32.Bg6+ Kg7 33.Bxe8 e5 34.Bxd7
Bxd7 35.Rb7 exd4 36.Rxd7+ Kg8 37.Rc7 d3 38.Rxc6 d2 39.Rc8+ Kf7 40.Rc7+ Ke8
41.Re7+ Kd8 42.Re2 d1=Q+ 43.Kf2 d4 44.Be7+ Kd7 45.Bxf6 d3 46.Re1 Qc2+ 47.
Kf3 d2 48.Re7+ Kd6 49.Kg4 d1=Q+ 50.Kh3 Qf5+ 51.Kg2 Qxf6 52.Re8 Qd5+ 53.Kh3
Qff5+ 54.Kh4 Qh1# 0-1

[Event "N4 Blaye-Castres"]
[Site "Blaye"]
[Date "2005.12.04"]
[Round "3"]
[White "Rosiere, Guy"]
[Black "Valade, Patrick"]
[Result "0-1"]
[WhiteElo "1500"]
[BlackElo "1580"]
[EventDate "2005.??.??"]
[PlyCount "112"]

1.e4 c5 2.Nf3 Nc6 3.Be2 d6 4.d4 cxd4 5.Nxd4 a6 6.Be3 e6 7.c3 Bd7 8.Nd2 Nf6
9.f3 Be7 10.Qc2 Qc7 11.Bf2 d5 12.Bd3 b5 13.Ne2 Rc8 14.O-O Nb4 15.cxb4 Qxc2
16.Bxc2 Rxc2 17.Rfd1 Bxb4 18.Nb3 Rxe2 19.exd5 Nxd5 20.a3 Rxb2 21.axb4 Rxb3
22.Rxa6 O-O 23.Bc5 Rc8 24.Kf2 Bc6 25.Rda1 h6 26.R6a3 Rb2+ 27.Kg3 Nxb4 28.
Rc3 Nd5 29.Rcc1 Bd7 30.Ba3 Rxc1 31.Rxc1 Rb3 32.Bd6 Rc3 33.Rb1 Rc4 34.Ba3 
b4 35.Bc1 Nc3 36.Rb2 Ne2+ 37.Rxe2 Rxc1 38.Rb2 Rc4 39.Kf2 Bc6 40.Ke3 Bd5 
41.Kd2 Rc6 42.Rxb4 Rd6 43.Ke3 Ra6 44.Rb2 Ra4 45.Rd2 f5 46.Kf2 Ra2 47.Ke3 
Rxd2 48.Kxd2 g5 49.Ke3 Kf7 50.g3 Kf6 51.f4 gxf4+ 52.gxf4 e5 53.fxe5+ Kxe5 
54.Kf2 Kf4 55.Kg1 Kg4 56.Kf2 f4 0-1

[Event "N4 Blaye-Castres"]
[Site "Blaye"]
[Date "2005.12.04"]
[Round "3"]
[White "Guillet, Yvan"]
[Black "Santoul, Pascal"]
[Result "1-0"]
[WhiteElo "1499"]
[BlackElo "1480"]
[EventDate "2005.??.??"]
[PlyCount "71"]

1.e4 d6 2.d4 g6 3.Nf3 Bg4 4.Be2 Bg7 5.h3 Bxf3 6.Bxf3 Nc6 7.c3 Nf6 8.Qe2 e5
9.d5 Ne7 10.O-O c6 11.c4 O-O 12.Nc3 c5 13.g3 Nh5 14.Bxh5 gxh5 15.Qxh5 Ng6 
16.Nd1 Qd7 17.Ne3 f6 18.Nf5 Ne7 19.Nxg7 Kxg7 20.Bh6+ Kh8 21.Bxf8 Rxf8 22.
g4 Ng6 23.Qf5 Qg7 24.Qf3 Nf4 25.Kh2 Rg8 26.Rg1 Qg5 27.Rg3 Ng6 28.Qf5 Qh4 
29.Qh5 Qxh5 30.gxh5 Nf4 31.Rxg8+ Kxg8 32.Rg1+ Kh8 33.h6 Nd3 34.Rg7 Nxf2 
35.Rxb7 Nxe4 36.Rb8# 1-0

[Event "N4 Blaye-Castres"]
[Site "Blaye"]
[Date "2005.12.04"]
[Round "3"]
[White "Grard, Alain"]
[Black "Stas, Jean"]
[Result "1-0"]
[WhiteElo "1570"]
[BlackElo "1490"]
[EventDate "2005.??.??"]
[PlyCount "82"]

1.e4 c5 2.c3 a6 3.d4 cxd4 4.cxd4 e6 5.Nf3 Bb4+ 6.Bd2 Bxd2+ 7.Nbxd2 Ne7 8.
Bd3 Nbc6 9.O-O Nb4 10.Be2 b5 11.a3 Nbc6 12.Rc1 Bb7 13.Nb3 d5 14.e5 Rc8 15.
Nc5 Qb6 16.b4 O-O 17.Nd7 Qa7 18.Nxf8 Rxf8 19.Rc5 Bc8 20.Qc2 Bd7 21.Rc1 Qa8
22.Bd3 g6 23.Qd2 Kg7 24.h4 h5 25.Bb1 f5 26.exf6+ Rxf6 27.Ne5 Nxe5 28.dxe5 
Rf8 29.Rc7 Qe8 30.Ra7 Bc6 31.Qg5 Rf7 32.Rxe7 Rxe7 33.Bxg6 Qxg6 34.Qxe7+ 
Qf7 35.Qxf7+ Kxf7 36.Rxc6 Kg6 37.Rxe6+ Kf5 38.Re8 Ke4 39.e6 Kd3 40.Rd8 d4 
41.Rxd4+ Kxd4 1-0

[Event "CEIT2-Villeneuve Tolosane"]
[Site "CEIT"]
[Date "2005.12.04"]
[Round "3.5"]
[White "Tesan, Michael"]
[Black "Breton, Yves"]
[Result "1-0"]
[WhiteElo "2085"]
[BlackElo "1860"]
[EventDate "2005.??.??"]
[PlyCount "99"]

1.e4 e6 2.d4 d5 3.e5 c5 4.Nf3 Nc6 5.Bd3 cxd4 6.a3 Nge7 7.Qe2 Ng6 8.O-O Be7
9.Re1 Bd7 10.g3 Rc8 11.h4 O-O 12.h5 Nh8 13.b4 f5 14.Bf4 Nf7 15.Nbd2 g5 16.
hxg6 hxg6 17.Nb3 g5 18.Bd2 g4 19.Nfxd4 Bg5 20.Bf4 Bxf4 21.gxf4 Nxd4 22.
Nxd4 Nh8 23.Kg2 Ng6 24.Qe3 Nh4+ 25.Kg3 Kf7 26.Bxf5 Nxf5+ 27.Nxf5 exf5 28.
e6+ Bxe6 29.Qxe6+ Kg7 30.Rad1 Rc3+ 31.Kg2 Rxa3 32.Rxd5 Qf6 33.Rd7+ Rf7 34.
Qd5 Ra6 35.b5 Rb6 36.c4 g3 37.fxg3 Qb2+ 38.Kf3 Rf6 39.Rxb7 Qc3+ 40.Re3 Qc1
41.Rxf7+ Rxf7 42.Kf2 Qb1 43.Re1 Qb2+ 44.Kg1 Qb3 45.Kg2 Qb2+ 46.Kh3 Qf2 47.
Re8 Qf1+ 48.Kh4 Kf6 49.Qe5+ Kg6 50.Rg8+ 1-0

[Event "R1 Blaye-EVT2"]
[Site "EVT"]
[Date "2005.12.05"]
[Round "3"]
[White "Torchausse, Michel"]
[Black "Arlabosse, Nicolas"]
[Result "0-1"]
[WhiteElo "1420"]
[BlackElo "1840"]
[EventDate "2005.??.??"]
[PlyCount "140"]

1.e4 c5 2.Bc4 e6 3.Nc3 a6 4.a4 Nc6 5.Nf3 d6 6.O-O g6 7.b3 Bg7 8.Bb2 Nf6 9.
d4 cxd4 10.Nxd4 Nxd4 11.Qxd4 O-O 12.Rab1 Nd5 13.Qd3 Nb6 14.Rfd1 Nxc4 15.
Qxc4 Qb6 16.Ne2 e5 17.Qd3 Bg4 18.Kf1 Rac8 19.f3 Be6 20.Ba3 Rfd8 21.Nc3 Qc6
22.Nd5 Bf8 23.c4 f5 24.Bc1 fxe4 25.fxe4 Bxd5 26.Qxd5+ Qxd5 27.exd5 Bg7 28.
Ke2 Rf8 29.Ba3 Rcd8 30.c5 dxc5 31.Bxc5 Rf7 32.Rd3 Rfd7 33.Bb6 Rc8 34.Rbd1 
e4 35.R3d2 Rc3 36.b4 Rb3 37.Bc5 Bc3 38.Rc2 Bxb4 39.Bxb4 Rxb4 40.a5 Rb5 41.
d6 Kf7 42.Rc7 Ke6 43.Rxd7 Kxd7 44.Ke3 Rxa5 45.Kxe4 Rf5 46.g4 Rf6 47.h4 
Rxd6 48.Rf1 Kc6 49.Rf7 Rd7 50.Rf6+ Kc5 51.Rf8 a5 52.h5 gxh5 53.gxh5 b5 54.
Rc8+ Kb4 55.Rc2 a4 56.Rb2+ Ka5 57.Ke5 a3 58.Ra2 Ka4 59.Ke6 Rd1 60.Kf7 b4 
61.Rg2 b3 62.Rg4+ Kb5 63.Kg7 Rd7+ 64.Kf6 b2 65.Rg5+ Kb4 66.Rg4+ Kb3 67.
Rg3+ Ka2 68.Rg2 Ka1 69.Rg7 Rxg7 70.Kxg7 b1=Q 0-1

[Event "R1 Blaye-EVT2"]
[Site "EVT"]
[Date "2005.12.05"]
[Round "3"]
[White "Reymond, Robert"]
[Black "Santoul, Pascal"]
[Result "0-1"]
[WhiteElo "1470"]
[BlackElo "1460"]
[EventDate "2005.??.??"]
[PlyCount "84"]

1.e4 Nf6 2.Nc3 e5 3.Nf3 Be7 4.Bc4 O-O 5.O-O c6 6.d3 d5 7.exd5 cxd5 8.Bb3 
Bg4 9.h3 Bh5 10.Ne2 Bxf3 11.gxf3 Nh5 12.Ng3 Nf4 13.Kh2 Bd6 14.Ne2 Nh5 15.
Bxd5 e4+ 16.Kg2 exf3+ 17.Bxf3 Nc6 18.Bxh5 Qf6 19.f4 Ne7 20.Bf3 Rab8 21.c3 
Nf5 22.Ng3 Qg6 23.Bg4 Nh4+ 24.Kg1 f5 25.Kh2 fxg4 26.Qxg4 Qxg4 27.hxg4 Ng6 
28.Nf5 Bc7 29.Nd4 Bxf4+ 30.Bxf4 Rxf4 31.Rxf4 Nxf4 32.Re1 Nxd3 33.Nb5 Nxe1 
34.Nxa7 Ra8 35.Nb5 Rxa2 36.Nd6 Rxb2+ 37.Kh3 Rb3 38.Kh4 Nf3+ 39.Kh5 g6+ 40.
Kh6 Rb1 41.Nf5 Rh1+ 42.Nh4 Rxh4# 0-1

[Event "R1 Blaye-EVT2"]
[Site "EVT"]
[Date "2005.12.05"]
[Round "3"]
[White "Olle, Jean-Pierre"]
[Black "Faure, Stephane"]
[Result "1-0"]
[WhiteElo "1760"]
[BlackElo "1480"]
[EventDate "2005.??.??"]
[PlyCount "75"]

1.e4 c5 2.Nf3 Nc6 3.d4 cxd4 4.Nxd4 d6 5.Nc3 Nf6 6.Be2 e6 7.Be3 Be7 8.O-O 
a6 9.a4 d5 10.exd5 Nxd5 11.Nxd5 Qxd5 12.Bf3 Qd6 13.Nxc6 bxc6 14.Qxd6 Bxd6 
15.Bxc6+ Bd7 16.Bxd7+ Kxd7 17.Rfd1 Ke7 18.Bb6 a5 19.Bd4 f6 20.Rd3 e5 21.
Bc3 Rhd8 22.Rad1 Bc7 23.Kf1 Rxd3 24.Rxd3 Ke6 25.f3 g6 26.Ke2 f5 27.Re3 Ra6
28.Bxe5 Bxe5 29.f4 Rc6 30.Rxe5+ Kd6 31.Kd3 Rc5 32.Rxc5 Kxc5 33.c4 h6 34.h4
Kc6 35.Kd4 Kd6 36.c5+ Kc6 37.Kc4 Kc7 38.Kb5 1-0

[Event "R1 Blaye-EVT2"]
[Site "EVT"]
[Date "2005.12.05"]
[Round "3"]
[White "Hernandez, Jeremy"]
[Black "Valade, Patrick"]
[Result "0-1"]
[WhiteElo "1490"]
[BlackElo "1610"]
[EventDate "2005.??.??"]
[PlyCount "68"]

1.e4 c5 2.Nf3 d6 3.Bc4 Nf6 4.d3 a6 5.Ng5 e6 6.a3 Be7 7.Qf3 Nc6 8.Be3 Ne5 
9.Qf4 h6 10.Nf3 Nh5 11.Nxe5 Nxf4 12.Bxf4 dxe5 13.Bxe5 Bf6 14.Bxf6 Qxf6 15.
Nc3 Bd7 16.Rf1 b5 17.Ba2 b4 18.axb4 cxb4 19.Nd1 O-O 20.f4 Qh4+ 21.Nf2 Qxh2
22.O-O-O Qxf4+ 23.Rd2 Rac8 24.Bb3 a5 25.Bc4 Rc7 26.b3 Rfc8 27.d4 Bb5 28.
Nd1 Qg5 29.Nb2 Bxc4 30.Nxc4 a4 31.bxa4 Rxc4 32.Kd1 Rxc2 33.Rxc2 Rxc2 34.
Kxc2 Qxg2+ 0-1

[Event "R1 Blaye-EVT2"]
[Site "EVT"]
[Date "2005.12.05"]
[Round "3"]
[White "Grard, Alain"]
[Black "Hallet, Maurice"]
[Result "0-1"]
[WhiteElo "1630"]
[BlackElo "1490"]
[EventDate "2005.??.??"]
[PlyCount "74"]

1.e4 e5 2.d4 exd4 3.Nf3 c5 4.Bc4 Nf6 5.e5 d5 6.Bb5+ Nfd7 7.e6 Qe7 8.O-O 
fxe6 9.Re1 Nc6 10.Ng5 Nf6 11.Qe2 a6 12.Bxc6+ bxc6 13.Nxe6 Bxe6 14.Qxe6 
Qxe6 15.Rxe6+ Kd7 16.Re1 Bd6 17.Bg5 Ne4 18.Bh4 Rae8 19.f3 g5 20.fxe4 gxh4 
21.Nd2 Bf4 22.Nb3 Kd6 23.exd5 Be3+ 24.Kh1 cxd5 25.Rad1 Rhf8 26.Rf1 Rf2 27.
Rxf2 Bxf2 28.Rf1 c4 29.Nc1 a5 30.b3 Kc5 31.Rd1 Re4 32.Rf1 Kb4 33.g3 hxg3 
34.hxg3 Bxg3 35.Kg2 Bf4 36.Kf3 Bxc1 37.Rxc1 h5 0-1

[Event "R1 Blaye-EVT2"]
[Site "EVT"]
[Date "2005.12.05"]
[Round "3"]
[White "Devals, Nicolas"]
[Black "Rashoev, Rezo"]
[Result "1-0"]
[WhiteElo "1199"]
[BlackElo "1390"]
[EventDate "2005.??.??"]
[PlyCount "127"]

1.e4 e6 2.d4 d5 3.exd5 exd5 4.Bd3 g6 5.Be3 c6 6.Ne2 Bg7 7.f3 Nf6 8.Qd2 h6 
9.Nbc3 b5 10.O-O Qc7 11.Rfe1 Be6 12.Nf4 O-O 13.Bxg6 Qd7 14.Nxe6 fxe6 15.
Bxh6 Bxh6 16.Qxh6 Qg7 17.Qxg7+ Kxg7 18.Bd3 Re8 19.a4 b4 20.Na2 a5 21.c3 
bxc3 22.bxc3 Nbd7 23.c4 Rab8 24.Rab1 Rbd8 25.Nc3 c5 26.Nb5 cxd4 27.Nc7 Re7
28.Nxe6+ Rxe6 29.Rxe6 Nc5 30.Bf5 Nxe6 31.Bxe6 dxc4 32.Bxc4 d3 33.Rd1 d2 
34.Kf2 Rf8 35.Ke2 Nd7 36.Rxd2 Ne5 37.Bb5 Rf6 38.Rd5 Ng6 39.Bd3 Nf4+ 40.Kf2
Nxd5 41.g4 Rh6 42.Kg3 Ne3 43.h4 Rd6 44.Bb5 Nd5 45.g5 Nc3 46.Be8 Rd8 47.Bc6
Rd6 48.Be4 Nxa4 49.h5 Nc3 50.h6+ Kh8 51.Bc2 Ne2+ 52.Kg4 Nd4 53.Ba4 Rb6 54.
Be8 Re6 55.Bf7 Kh7 56.f4 Rd6 57.Kh5 Nf5 58.g6+ Kh8 59.Kg5 Ng7 60.f5 a4 61.
f6 Ne6+ 62.Bxe6 Rxe6 63.f7 Re5+ 64.Kf6 1-0

[Event "Reg 1 Colomiers 2 - Muret 2 "]
[Site "Colomiers"]
[Date "2006.??.??"]
[Round "1"]
[White "Ribeiro, Alexandre"]
[Black "Ranc, Florian"]
[Result "0-1"]
[WhiteElo "1030"]
[BlackElo "1380"]
[EventDate "2006.??.??"]
[PlyCount "28"]

1.d4 d5 2.e3 Nf6 3.Nf3 Nc6 4.Bd3 Bg4 5.h3 Bh5 6.O-O e5 7.c4 e4 8.c5 exf3 
9.Bb5 fxg2 10.Re1 Bxd1 11.Rxd1 Be7 12.e4 Nxe4 13.f3 Ng5 14.Re1 Nxf3+ 0-1

[Event "Reg 1 Colomiers 2 - Muret 2 "]
[Site "Colomiers"]
[Date "2006.??.??"]
[Round "1"]
[White "Amblard, Philippe"]
[Black "Heude, Jean-Noel"]
[Result "1-0"]
[WhiteElo "1440"]
[BlackElo "1360"]
[EventDate "2006.??.??"]
[PlyCount "84"]

1.e4 e5 2.Nf3 Nc6 3.Bb5 a6 4.Ba4 d6 5.c3 Bd7 6.O-O Nf6 7.Re1 Be7 8.d4 exd4
9.cxd4 d5 10.exd5 Nxd5 11.Nc3 Be6 12.Ne5 O-O 13.Nxc6 bxc6 14.Bxc6 Rb8 15.
Nxd5 Bxd5 16.Bxd5 Bb4 17.Re5 Rb5 18.Bg5 Qd7 19.Bc4 Rxe5 20.dxe5 Qf5 21.Be3
Qxe5 22.Bd4 Qd6 23.Qg4 g6 24.Rd1 Rd8 25.Bb3 Qf8 26.g3 c5 27.Be5 Bd2 28.Qe2
Bh6 29.Rxd8 Qxd8 30.Qf3 Qf8 31.Bd6 Qe8 32.Bxc5 Bf8 33.Bxf8 Qxf8 34.Qf6 Qe8
35.Qxa6 Qe1+ 36.Qf1 Qd2 37.Qb1 Qe2 38.a4 Qf3 39.Qc2 Qb7 40.Bc4 Qb4 41.b3 
Qe1+ 42.Kg2 Qe5 1-0

[Event "Reg 1 Colomiers 2 - Muret 2"]
[Site "Colomiers"]
[Date "2006.??.??"]
[Round "1"]
[White "Senvenac, André"]
[Black "Artis, Paul"]
[Result "0-1"]
[WhiteElo "1499"]
[BlackElo "1660"]
[EventDate "2006.??.??"]
[PlyCount "66"]

1.d4 Nf6 2.e3 g6 3.Be2 Bg7 4.Nf3 O-O 5.O-O d6 6.g3 Nbd7 7.Nc3 e5 8.dxe5 
dxe5 9.e4 Re8 10.Bc4 b6 11.b3 Bb7 12.Ng5 Re7 13.Ba3 c5 14.b4 h6 15.Nf3 
Nxe4 16.Nxe4 Bxe4 17.Re1 Bxf3 18.Qxf3 e4 19.Qf4 Bxa1 20.Rxa1 Qf8 21.Bb2 
Kh7 22.g4 cxb4 23.Bd5 Rae8 24.Re1 f6 25.Qd2 Ne5 26.Rxe4 Nf3+ 27.Kg2 Nxd2 
28.Rxb4 Re4 29.c3 Rxb4 30.cxb4 Qxb4 31.Kh3 Qxb2 32.f3 Nf1 33.a4 Qxh2# 0-1

[Event "Reg 1 Colomiers 2 - Muret 2"]
[Site "Colomiers"]
[Date "2006.??.??"]
[Round "1"]
[White "Blesing, Alicia"]
[Black "Boschetti, Patrick"]
[Result "1-0"]
[WhiteElo "1820"]
[BlackElo "1499"]
[EventDate "2006.??.??"]
[PlyCount "63"]

1.e4 d5 2.exd5 Nf6 3.d4 e6 4.dxe6 Bxe6 5.Nf3 g6 6.c3 c6 7.h3 Bd5 8.Bd3 
Qe7+ 9.Be3 Nbd7 10.O-O Be4 11.Bxe4 Nxe4 12.Re1 O-O-O 13.Bf4 Nb6 14.Nbd2 
Nd5 15.Rxe4 Qf6 16.Be5 Qf5 17.Bxh8 Qd7 18.Ne5 Qd6 19.Nxf7 Qd7 20.Nxd8 Bg7 
21.Bxg7 Qxg7 22.Re8 Kd7 23.Qe2 Kc7 24.Ne6+ Kb6 25.Nxg7 Nc7 26.Nc4+ Ka6 27.
Nd6+ Nb5 28.a4 Kb6 29.axb5 c5 30.Qe4 cxd4 31.Qxb7+ Kc5 32.Qc6# 1-0

[Event "Nationale4 Condom3-Ste Foy"]
[Site "?"]
[Date "2006.??.??"]
[Round "3.3"]
[White "Pouvreau, David"]
[Black "Boulogne, Laurent"]
[Result "1-0"]
[WhiteElo "2030"]
[BlackElo "1700"]
[EventDate "2006.??.??"]
[PlyCount "27"]

1.d4 Nf6 2.c4 e6 3.Nf3 b6 4.a3 Bb7 5.Nc3 d5 6.cxd5 Nxd5 7.Qc2 c5 8.e4 cxd4
9.Nb5 Nc6 10.exd5 Rc8 11.dxc6 Rxc6 12.Qa4 Qd7 13.Ne5 Qd5 14.Nc7+ 1-0

[Event "Nationale 4 condom3-Ste Foy"]
[Site "?"]
[Date "2006.??.??"]
[Round "3.6"]
[White "Adjari, Emmanuel"]
[Black "Porche, Christian"]
[Result "1-0"]
[WhiteElo "1499"]
[BlackElo "1710"]
[EventDate "2006.??.??"]
[PlyCount "41"]

1.e4 e5 2.Nf3 Nc6 3.Bc4 Bc5 4.c3 Bb6 5.d4 d6 6.dxe5 dxe5 7.Qxd8+ Kxd8 8.
Bxf7 Bg4 9.Bg5+ Kd7 10.Nbd2 Rf8 11.Bxg8 Rhxg8 12.O-O Rf7 13.Bh4 Rgf8 14.b4
a6 15.a4 Ba7 16.b5 Nb8 17.Nxe5+ Kc8 18.Nxf7 Rxf7 19.Nc4 Be2 20.b6 cxb6 21.
Nd6+ 1-0

[Event "Nationale 4 Foix-Ste Foy"]
[Site "?"]
[Date "2006.??.??"]
[Round "1.8"]
[White "Martin de la Moutte, Paul"]
[Black "Molet, Patrice"]
[Result "1-0"]
[WhiteElo "1610"]
[BlackElo "1450"]
[EventDate "2006.??.??"]
[PlyCount "71"]

1.c4 Nf6 2.Nc3 g6 3.Nf3 c6 4.e4 d6 5.d3 Bg7 6.Be2 O-O 7.h3 Na6 8.O-O c5 9.
Re1 e5 10.Bg5 h6 11.Bxf6 Bxf6 12.Nd5 Bg7 13.Qb3 Nc7 14.Rac1 Nxd5 15.cxd5 
Rb8 16.a3 a5 17.Bd1 b5 18.Qc3 f5 19.a4 b4 20.Qd2 f4 21.Be2 Qf6 22.Bf1 g5 
23.Nh2 h5 24.Be2 Qg6 25.Qd1 h4 26.Bh5 Qf6 27.Ng4 Bxg4 28.Bxg4 Qe7 29.Be6+ 
Kh7 30.Qh5+ Bh6 31.Bf5+ Rxf5 32.exf5 Qf6 33.d4 exd4 34.Re6 Qg7 35.f6 Qg6 
36.Re7+ 1-0

[Event "Nationale 4 Foix-Ste Foy"]
[Site "?"]
[Date "2006.??.??"]
[Round "1.7"]
[White "David, Philippe"]
[Black "Misiaszek, Stephan"]
[Result "1-0"]
[WhiteElo "1640"]
[BlackElo "1580"]
[EventDate "2006.??.??"]
[PlyCount "79"]

1.Nh3 d6 2.g3 g6 3.Bg2 e5 4.O-O Bg7 5.d3 Nf6 6.f4 O-O 7.c3 c6 8.Nf2 Be6 9.
e4 Qc8 10.f5 gxf5 11.exf5 Bxf5 12.Bf3 d5 13.g4 Bg6 14.g5 Ne8 15.Bg4 Qc7 
16.Bh5 f5 17.Nd2 Nd6 18.Qf3 Qe7 19.Nb3 Nd7 20.Bxg6 hxg6 21.Qg3 f4 22.Qh3 
Rf5 23.Kh1 Rxg5 24.Rg1 Rxg1+ 25.Kxg1 Kf7 26.d4 Rh8 27.Qg2 Rh5 28.Kf1 Nf5 
29.Bd2 g5 30.dxe5 Bxe5 31.Re1 Qd6 32.Qg4 Kg6 33.Nd4 Nxd4 34.cxd4 Bf6 35.
Re6 Qc7 36.Nd3 Kf7 37.Ne5+ Nxe5 38.dxe5 Rxh2 39.Rxf6+ Kg7 40.Qxg5+ 1-0